| 000 | 02106cam a22001814a 4500 | ||
|---|---|---|---|
| 005 | 20250605164402.0 | ||
| 008 | 250528s ||||||||||||||||||||||||d | ||
| 035 | _a24626 | ||
| 040 |
_aGR-AtMCL _bgre _dGR-AtMCL _eAACR2 |
||
| 245 | 1 | _aΧριστούγεννα στο Δάσος - Το Λεξικό των Υλικών - Στο Μουσείο Ολοταχώς - Κατασκευές για τα Χριστούγεννα και την Πρωτοχρονιά και την Ημέρα των Δικαιωμάτων του Παιδιού | |
| 260 |
_bΔημιουργικό Εργαστήρι, _c2012 |
||
| 300 | _a58 | ||
| 520 | _aΧριστούγεννα στο Δάσος, Κουτί για Κάλαντα, Ένας Άγγελος από Πιατάκι του Πάρτι, Κάρτα Χιονοστιβάδα, Κάρτα Cupcake, Κάρτα με Χριστουγεννίατικες Μπάλες, Κάρτα με Χριστουγεννιάτικο Δέντρο, Στρογγυλή Κάρτα Χιονάνθρωπος, Κάρτα με Κινούμενο Τάρανδο, Κάρτα με Κινούμενο Άγιο Βασίλη, Άγιος Βασίλης, Κάρτα Τάρανδος, Κάρτα με Κινούμενο Χιονάνθρωπο, Κάρτα με Πολικές Αρκούδες, Χριστουγεννιάτικο Στεφάνι, Όλα τα Παιδιά της Γης, Σοκολατένιο Ανθρωπάκι, Μπισκοτόσπιτο Κουτί Κατασκευών, Χριστουγεννιάτικο Μπισκοτοχωριό, Δέντρο Ημερολόγιο, Μπάλες Δέντρου από Χρωματιστό Χόρτο, Φυσικό Στολίδι, Ημερολόγιο Κορμός, Ζυμαρένια Αρωματική Κουλτούρα, Χιονόμπαλα, Καραβάκια από Πυλό, Χιονάνθρωπος, Αρκουδάκια από Αλατοζύμη, Κουτί Ξωτικό, Ένας Σκανταλιάρης Καλλικάνταρος. | ||
| 700 | 1 |
_aΒασδέκη Κυριακή _99498 |
|
| 942 | _cCR | ||
| 999 |
_c9495 _d9495 |
||